Statystyki dla Chłopaki nie płaczą - Postacie i cytaty

Kliknij tutaj aby rozwiązać quiz!

Ogólne statystyki

  • Ten quiz został rozwiązany 454 razy
  • Średni wynik to 6 z 12

Statystyki odpowiedzi

CytatPostać% Poprawnych
"A historii tego swetra i tak byś nie zrozumiał. "Grucha
90%
"Bunkrów nie ma, ale też jest z********e"Laska
85%
"Skąd wziąłeś ten sweter? Z*******ś go z pomocy dla powodzian? Pies ci go wszamał, a potem zwrócił? Jak byłem w technikum, to nam takie na warsztatach dawali. "Fred
79%
"Coco jamboo i do przodu! – to moje hasło. Dobre, nie? "Bolec
77%
"To co? Za bezpieczny weekend Władziu?"Policjant Jerzyk
65%
"A na cholerę mnie ten kaktus?!"Czesiek Alfons
44%
"On jeszcze nie zdaje sobie sprawy, że wkrótce będzie miał pełne portki. A wiesz dlaczego? Dlatego, że jego słaba psychika już wysłała mu maila do nadciągającej kupy, że spotkanie jest w spodniach."Jarosław Psikuta
44%
"Nie mów do mnie synku. Nie jesteś moim ojcem"Kuba Brenner
40%
"Mnie oszukasz, przyjaciela oszukasz, mamusię oszukasz, ale życia nie oszukasz"Król Sedesów
39%
"Mógłbym powiedzieć: nie ma pieniędzy – nie ma towaru, ale ja chcę robić interesy, a nie puszczać brzydkie bąki."Szef
37%
"Może ja lepiej zamiast na dz***i, powinienem pójść do jakiegoś uzdrowiciela, nie wiem... Kaszpirowskiego..."Oskar
25%
"Pan daje piątaka, cwaniak trzydzieści"Siwy
20%

Rozkład punktacji

Percentyl według liczby udzielonych odpowiedzi

Procent ludzi z każdym wynikiem

Twoja historia wyników

Nie rozwiązałeś tego quizu